000 00421nam a2200169Ia 4500
005 20260330110344.0
008 260330s9999||||xx |||||||||||||| ||und||
020 _a9789580497738
041 _aspa
100 _aProchazkova, Iva
245 0 _aElias Y La Abuela Que Salio De Un Huevo /
_cIva Prochazkova
250 _a1 ed.
260 _aBogotá :
_bNorma.
_c2007
300 _a184 p.
650 _aCUENTO
942 _cBKL
999 _c664
_d664